Statistics for Pokémon names that end with C

Click here to take the quiz!

General Stats

  • This quiz has been taken 44 times
  • The average score is 5 of 9

Answer Stats

GenPokémon% Correct
IIITorchic
67%
IIIMilotic
67%
VBeartic
60%
IITogetic
60%
IIILuvdisc
53%
VIILycanroc
53%
IIIManectric
47%
VIMeowstic
47%
VIIShiinotic
47%

Score Distribution

Percentile by Number Answered

Percent of People with Each Score

Your Score History

You have not taken this quiz